[Event "Junior Online 4NCL Division 4"]
[Site "online"]
[Date "2020.08.20"]
[Round "1.162"]
[White "Haga, Xander"]
[Black "Bracken, Layla"]
[Result "1-0"]
[WhiteElo "857"]
[BlackElo "1405"]
[PlyCount "47"]
[EventDate "2020.08.20"]
[WhiteTeam "Coldfall Bishops"]
[BlackTeam "Barnet Knights B"]

1. e4 e5 2. Nf3 Nc6 3. d4 exd4 4. Nxd4 Nf6 5. e5 Nxe5 6. Bf4 Ng6 7. Bg5 Bc5 8.
Nb3 Bb6 9. Nc3 O-O 10. Qf3 c6 11. Bxf6 Qxf6 12. Qxf6 gxf6 13. Be2 Re8 14. O-O
d5 15. Rfe1 d4 16. Na4 Nf4 17. Nxb6 Nxe2+ 18. Kf1 axb6 19. Nxd4 Ng3+ 20. hxg3
Rxe1+ 21. Rxe1 Bg4 22. f3 Bf5 23. Nxf5 Rxa2 24. Re8# 1-0

[Event "Junior Online 4NCL Division 4"]
[Site "online"]
[Date "2020.08.20"]
[Round "1.163"]
[White "Rupf, Oscar"]
[Black "Minhas, Salar"]
[Result "1-0"]
[WhiteElo "1405"]
[BlackElo "880"]
[PlyCount "93"]
[EventDate "2020.08.20"]
[WhiteTeam "Barnet Knights B"]
[BlackTeam "Coldfall Bishops"]

1. e4 e5 2. Nf3 Nc6 3. d4 exd4 4. Nxd4 Nxd4 5. Qxd4 d6 6. Nc3 Nf6 7. Bg5 Be7 8.
Bc4 Be6 9. Bxe6 fxe6 10. O-O h6 11. Bh4 g5 12. Bg3 c5 13. Qd3 Qb6 14. Rab1
O-O-O 15. Qe3 d5 16. exd5 Nxd5 17. Nxd5 Rxd5 18. Rfd1 Rxd1+ 19. Rxd1 Rd8 20.
Rxd8+ Kxd8 21. b3 Qd6 22. Bxd6 Bxd6 23. Qxe6 Bf8 24. Qd5+ Ke8 25. Qxb7 a5 26.
Qc8+ Ke7 27. Kf1 h5 28. Ke2 Kd6 29. Qxf8+ Kd5 30. Kd3 g4 31. f3 gxf3 32. gxf3
h4 33. f4 h3 34. f5 Ke5 35. f6 Kf4 36. f7 Kf3 37. Qg7 c4+ 38. Kxc4 Ke4 39. f8=R
Ke3 40. Qe7+ Kd2 41. Rd8+ Kxc2 42. Qc7 Kb2 43. Kd3 Kxa2 44. Qxa5+ Kxb3 45. Qc3+
Ka2 46. Ra8+ Kb1 47. Qc2# 1-0

[Event "Junior Online 4NCL Division 4"]
[Site "online"]
[Date "2020.08.20"]
[Round "1.164"]
[White "Agasee, Emilio"]
[Black "Zhou, Sansan"]
[Result "0-1"]
[WhiteElo "900"]
[BlackElo "1337"]
[PlyCount "78"]
[EventDate "2020.08.20"]
[WhiteTeam "Coldfall Bishops"]
[BlackTeam "Barnet Knights B"]

1. e4 e5 2. Nf3 Nc6 3. Bc4 Bc5 4. d3 h6 5. Nc3 Nf6 6. Be3 d6 7. h3 Bb4 8. a3
Bxc3+ 9. bxc3 d5 10. Bxd5 Nxd5 11. exd5 Qxd5 12. O-O O-O 13. c4 Qe6 14. d4 exd4
15. Bxd4 Nxd4 16. Nxd4 Qg6 17. Qf3 Rd8 18. c3 c5 19. Nb3 Rd3 20. Qe2 Bxh3 21.
g3 Bxf1 22. Kxf1 Rxc3 23. Nxc5 Rc2 24. Qe1 Rxc4 25. Nxb7 Qd3+ 26. Qe2 Qc3 27.
Nd6 Qxa1+ 28. Qe1 Rc1 29. Qxc1 Qxc1+ 30. Ke2 Rd8 31. Nb7 Qd2+ 32. Kf3 Rd3+ 33.
Ke4 Rd4+ 34. Ke5 Rd5+ 35. Ke4 Qd3+ 36. Kf4 g5+ 37. Kg4 Qe4+ 38. Kh5 Rd4 39.
Kxh6 Qg6# 0-1

[Event "Junior Online 4NCL Division 4"]
[Site "online"]
[Date "2020.08.20"]
[Round "1.165"]
[White "Spitz, Danny"]
[Black "Belur, Ankita"]
[Result "1-0"]
[WhiteElo "900"]
[BlackElo "1427"]
[PlyCount "67"]
[EventDate "2020.08.20"]
[WhiteTeam "Coldfall Bishops"]
[BlackTeam "Barnet Knights B"]

1. e4 d6 2. Nf3 Nf6 3. Nc3 g6 4. Bc4 Bg7 5. Ng5 O-O 6. d4 c6 7. e5 dxe5 8. dxe5
Qxd1+ 9. Nxd1 Ng4 10. O-O Nxe5 11. Bb3 h6 12. Ne4 Bf5 13. Nc5 b5 14. Bf4 Nbd7
15. Nxd7 Nxd7 16. Re1 Rfe8 17. Ne3 Bxb2 18. Rad1 Bc3 19. Re2 Nc5 20. Nxf5 Nxb3
21. Nxh6+ Kh7 22. cxb3 Bg7 23. Nxf7 Rf8 24. Rxe7 Bf6 25. Ng5+ Kg8 26. Rc7 Bd8
27. Rxc6 Rxf4 28. Rxg6+ Kf8 29. Ne6+ Kf7 30. Nxf4 Bc7 31. Rd7+ Kf8 32. Ne6+ Ke8
33. Rxc7 Rb8 34. Rg8# 1-0

[Event "Junior Online 4NCL Division 4"]
[Site "online"]
[Date "2020.08.20"]
[Round "1.166"]
[White "Bracken, Layla"]
[Black "Haga, Xander"]
[Result "0-1"]
[WhiteElo "1405"]
[BlackElo "857"]
[PlyCount "98"]
[EventDate "2020.08.20"]
[WhiteTeam "Barnet Knights B"]
[BlackTeam "Coldfall Bishops"]

1. e4 d5 2. exd5 Qxd5 3. Nc3 Qa5 4. Nf3 c6 5. d4 Bf5 6. Bc4 e6 7. O-O Nf6 8.
Bg5 Be7 9. h3 Nbd7 10. a3 O-O 11. Ne5 Nxe5 12. dxe5 Qxe5 13. Qd2 Bd6 14. f4
Qc5+ 15. Kh2 Qxc4 16. Qxd6 Nd5 17. Qe5 Nxc3 18. bxc3 f6 19. Qe3 fxg5 20. fxg5
Bxc2 21. Rxf8+ Kxf8 22. Rc1 Bf5 23. g4 Bg6 24. Qf3+ Kg8 25. h4 Qa2+ 26. Kh3
Qxa3 27. h5 Qxc1 28. hxg6 hxg6 29. Qe4 Qxg5 30. Qxe6+ Kh7 31. Qd7 Qe3+ 32. Kh4
Rh8 33. Qf7 g5+ 34. Kh5 Qh3+ 35. Kxg5 Qh6+ 36. Kf5 Qf6+ 37. Qxf6 gxf6 38. Kxf6
Kg8 39. g5 a5 40. g6 Rh6 41. Kf5 Kg7 42. Ke4 a4 43. Kd3 a3 44. Kc4 a2 45. Kd3
a1=Q 46. Kc4 Qa4+ 47. Kd3 Rh3+ 48. Kd2 Qa2+ 49. Kc1 Rh1# 0-1

[Event "Junior Online 4NCL Division 4"]
[Site "online"]
[Date "2020.08.20"]
[Round "1.167"]
[White "Minhas, Salar"]
[Black "Rupf, Oscar"]
[Result "1-0"]
[WhiteElo "880"]
[BlackElo "1405"]
[PlyCount "113"]
[EventDate "2020.08.20"]
[WhiteTeam "Coldfall Bishops"]
[BlackTeam "Barnet Knights B"]

1. e4 e6 2. d4 d5 3. exd5 exd5 4. Qe2+ Be6 5. Qd1 Bf5 6. Bf4 Nf6 7. Nc3 Bb4 8.
a3 Ba5 9. b4 Bb6 10. Bd3 Bxd4 11. Nf3 Bxc3+ 12. Kf1 Bxd3+ 13. Qxd3 Bxa1 14.
Qe2+ Qe7 15. Qxe7+ Kxe7 16. g3 c6 17. Kg2 Re8 18. Re1+ Kf8 19. Bd6+ Re7 20.
Bxe7+ Ke8 21. Bxf6+ Kd7 22. Bxa1 Na6 23. Ne5+ Kc7 24. Nxf7 g6 25. Be5+ Kd7 26.
Bf4 Rf8 27. Nh6 Rf6 28. Bg5 Re6 29. Rxe6 Kxe6 30. f4 Nc7 31. Bd8 Ne8 32. a4 a6
33. a5 Nd6 34. Bc7 Ne8 35. Bb6 Nf6 36. Bd4 Ne4 37. h4 Nd6 38. Be5 Ne4 39. Bb2
Nd2 40. g4 Nc4 41. Bd4 Nd6 42. h5 gxh5 43. gxh5 Nf5 44. Nxf5 Kxf5 45. Kg3 Ke6
46. Kg4 h6 47. f5+ Kf7 48. f6 Ke6 49. c3 Kf7 50. Kf5 Kf8 51. Kg6 Kg8 52. Kxh6
Kf7 53. Kg5 Kf8 54. h6 Kg8 55. Kg6 c5 56. f7+ Kf8 57. Bxc5# 1-0

[Event "Junior Online 4NCL Division 4"]
[Site "online"]
[Date "2020.08.20"]
[Round "1.168"]
[White "Zhou, Sansan"]
[Black "Agasee, Emilio"]
[Result "1-0"]
[WhiteElo "1337"]
[BlackElo "900"]
[PlyCount "121"]
[EventDate "2020.08.20"]
[WhiteTeam "Barnet Knights B"]
[BlackTeam "Coldfall Bishops"]

1. e4 e5 2. Nf3 Nc6 3. Bc4 Bc5 4. d4 Bxd4 5. c3 Bb6 6. Ng5 Nh6 7. Qd5 O-O 8.
Nf3 d6 9. Bxh6 gxh6 10. Qd2 Qg5 11. Nxg5 hxg5 12. Qxg5+ Kh8 13. Bxf7 Rxf7 14.
b4 Bxf2+ 15. Ke2 Bb6 16. Na3 Rf2+ 17. Ke1 Rf7 18. Rf1 Rxf1+ 19. Kxf1 Be6 20.
Qf6+ Kg8 21. Qxe6+ Kg7 22. Ke2 Rf8 23. Qg4+ Kh8 24. b5 Rf2+ 25. Ke1 Ne7 26. Qd7
Ng6 27. Nc4 Nf4 28. Nxb6 Re2+ 29. Kd1 axb6 30. Qf7 Rxg2 31. Qf8+ Rg8 32. Qf6+
Rg7 33. Kd2 Nh5 34. Qf3 Nf4 35. Qf2 Rg2 36. Qxg2 Nxg2 37. Rg1 Nf4 38. Ra1 c6
39. bxc6 bxc6 40. a4 d5 41. exd5 cxd5 42. a5 bxa5 43. Rxa5 Kg7 44. c4 dxc4 45.
Rxe5 Kf6 46. Re4 Kf5 47. Rxc4 h5 48. Rc5+ Kg4 49. Ke3 Ng2+ 50. Kf2 Nf4 51. Rc4
h4 52. Ke3 Kh3 53. Rxf4 Kxh2 54. Rxh4+ Kg3 55. Rf4 Kh3 56. Kf3 Kh2 57. Rg4 Kh3
58. Rg8 Kh4 59. Rg1 Kh5 60. Kf4 Kh4 61. Rh1# 1-0

[Event "Junior Online 4NCL Division 4"]
[Site "online"]
[Date "2020.08.20"]
[Round "1.171"]
[White "Querfurth Waterman, Tal"]
[Black "Stanley, Isaac"]
[Result "1-0"]
[WhiteElo "850"]
[BlackElo "1210"]
[PlyCount "75"]
[EventDate "2020.08.20"]
[WhiteTeam "Eden Primary Bishops"]
[BlackTeam "Rovers Athletic"]

1. e4 e6 2. Bc4 d5 3. exd5 exd5 4. Bb3 Nf6 5. Nc3 Be7 6. Qf3 Nc6 7. Nxd5 Be6 8.
Nc3 Bxb3 9. axb3 Nd4 10. Qd1 O-O 11. Nf3 Nc6 12. d3 Ng4 13. O-O h5 14. g3 Nd4
15. Ra4 Nxf3+ 16. Qxf3 Qd7 17. h3 Ne5 18. Qxh5 g6 19. Qxe5 Rfe8 20. Qd4 c5 21.
Qxd7 Rad8 22. Qxb7 Kg7 23. Re4 Rb8 24. Qxa7 Ra8 25. Qd7 Rad8 26. Qg4 f5 27.
Rxe7+ Rxe7 28. Qg5 Ree8 29. Qh6+ Kf6 30. Bg5+ Kf7 31. Bxd8 Rxd8 32. Re1 Rg8 33.
Nd5 Re8 34. Rxe8 Kxe8 35. Qh7 Kf8 36. Qe7+ Kg8 37. Nf6+ Kh8 38. Qh7# 1-0

[Event "Junior Online 4NCL Division 4"]
[Site "online"]
[Date "2020.08.20"]
[Round "1.173"]
[White "Block, Leo"]
[Black "Evans, Dylan"]
[Result "0-1"]
[WhiteElo "887"]
[BlackElo "1090"]
[PlyCount "62"]
[EventDate "2020.08.20"]
[WhiteTeam "Eden Primary Bishops"]
[BlackTeam "Rovers Athletic"]

1. e4 c6 2. d4 d5 3. Nc3 g6 4. Nf3 Bg7 5. Bd3 e6 6. Be3 Ne7 7. Qe2 b6 8. O-O-O
Bb7 9. g4 Nd7 10. Rhg1 O-O 11. Rg3 Qc7 12. Rh3 a5 13. a4 c5 14. Re1 c4 15. Bxc4
dxc4 16. Nb5 Qc6 17. d5 exd5 18. exd5 Nxd5 19. Bd4 Nf4 20. Qe7 Nxh3 21. Qd6
Qxf3 22. Qxd7 Bxd4 23. Nxd4 Nxf2 24. Nxf3 Bxf3 25. Qd2 Nxg4 26. Qf4 Rfe8 27.
Rg1 Ne5 28. Rg5 h6 29. Rxe5 Rxe5 30. Qxe5 Rd8 31. Qe3 Rd1# 0-1

[Event "Junior Online 4NCL Division 4"]
[Site "online"]
[Date "2020.08.20"]
[Round "1.174"]
[White "Sohi, Sehej"]
[Black "Feldman, Joshua"]
[Result "1-0"]
[WhiteElo "1000"]
[BlackElo "850"]
[PlyCount "55"]
[EventDate "2020.08.20"]
[WhiteTeam "Rovers Athletic"]
[BlackTeam "Eden Primary Bishops"]

1. e4 e6 2. Nc3 Bb4 3. Bc4 d5 4. Bb3 dxe4 5. Nxe4 Nf6 6. Nxf6+ gxf6 7. Nf3 O-O
8. O-O f5 9. Nd4 e5 10. Nb5 c6 11. Nc3 Bxc3 12. dxc3 Qxd1 13. Rxd1 c5 14. Bh6
Re8 15. Ba4 Bd7 16. Bxd7 Nxd7 17. Rxd7 Kh8 18. h3 e4 19. Re1 e3 20. fxe3 Re4
21. a4 Rxa4 22. Rxb7 Ra2 23. b4 Rxc2 24. bxc5 Rxc3 25. Rc7 Rf8 26. Bxf8 a5 27.
Bh6 a4 28. Rc8# 1-0

[Event "Junior Online 4NCL Division 4"]
[Site "online"]
[Date "2020.08.20"]
[Round "1.175"]
[White "Stanley, Isaac"]
[Black "Querfurth Waterman, Tal"]
[Result "1-0"]
[WhiteElo "1210"]
[BlackElo "850"]
[PlyCount "39"]
[EventDate "2020.08.20"]
[WhiteTeam "Rovers Athletic"]
[BlackTeam "Eden Primary Bishops"]

1. d4 d5 2. c4 dxc4 3. Nf3 e6 4. Bf4 Nf6 5. e3 Ne4 6. Bxc4 Bb4+ 7. Nfd2 Nxd2 8.
Nxd2 Nc6 9. a3 Bxd2+ 10. Qxd2 O-O 11. Bf1 Re8 12. Bd3 e5 13. dxe5 Nxe5 14. Rd1
Bh3 15. Bxe5 Bxg2 16. Rg1 Qg5 17. Bf4 Qg4 18. Bf1 Rad8 19. Qxd8 Rxd8 20. Rxd8#
1-0

[Event "Junior Online 4NCL Division 4"]
[Site "online"]
[Date "2020.08.20"]
[Round "1.176"]
[White "Marks, Rory"]
[Black "Sohi, Aarav"]
[Result "0-1"]
[WhiteElo "827"]
[BlackElo "1150"]
[PlyCount "152"]
[EventDate "2020.08.20"]
[WhiteTeam "Eden Primary Bishops"]
[BlackTeam "Rovers Athletic"]

1. e4 c6 2. Nf3 d5 3. exd5 cxd5 4. Nc3 Bf5 5. d4 e6 6. Ne5 Bd6 7. Bb5+ Nc6 8.
Bxc6+ bxc6 9. Nxc6 Qc7 10. Ne5 Bxe5 11. dxe5 Qxe5+ 12. Qe2 Qxe2+ 13. Kxe2 Nf6
14. Nb5 O-O 15. Nc7 Rac8 16. Na6 Rxc2+ 17. Ke3 Ng4+ 18. Kf3 Rxf2+ 19. Kg3 Rc2
20. Nb4 Rc4 21. Na6 Ne5 22. Bf4 Nd3 23. Bd6 Rd8 24. Bc7 Rc8 25. b3 Rg4+ 26. Kf3
Rf4+ 27. Bxf4 Nxf4 28. Kxf4 Rc6 29. Rac1 Rxc1 30. Rxc1 h6 31. Rc8+ Kh7 32. Nc7
g5+ 33. Kf3 g4+ 34. Kg3 h5 35. h4 gxh3 36. gxh3 d4 37. Nb5 d3 38. Rc1 e5 39.
Rd1 e4 40. Nd4 Bg6 41. b4 e3 42. Kf3 e2 43. Nxe2 dxe2 44. Kxe2 h4 45. a4 Bh5+
46. Ke3 Bxd1 47. b5 Bxa4 48. Kd4 Bxb5 49. Kd5 a5 50. Kc5 a4 51. Kb4 Kg6 52. Ka3
Kf5 53. Kb4 Ke4 54. Ka3 Kd4 55. Kb4 Kd3 56. Ka3 Kc3 57. Ka2 Kb4 58. Kb2 a3+ 59.
Ka2 Bc4+ 60. Ka1 a2 61. Kb2 Ka4 62. Ka1 Kb4 63. Kb2 Kc5 64. Ka1 Kd4 65. Kb2 Kd3
66. Ka1 Kd2 67. Kb2 Kd1 68. Ka1 f5 69. Kb2 f4 70. Kc3 a1=Q+ 71. Kxc4 f3 72. Kd3
f2 73. Ke3 f1=R 74. Ke4 Qa4+ 75. Ke3 Rh1 76. Kd3 Rxh3# 0-1

[Event "Junior Online 4NCL Division 4"]
[Site "online"]
[Date "2020.08.20"]
[Round "1.177"]
[White "Evans, Dylan"]
[Black "Block, Leo"]
[Result "1-0"]
[WhiteElo "1090"]
[BlackElo "887"]
[PlyCount "113"]
[EventDate "2020.08.20"]
[WhiteTeam "Rovers Athletic"]
[BlackTeam "Eden Primary Bishops"]

1. d4 d5 2. c4 c6 3. Nc3 c5 4. dxc5 dxc4 5. Qxd8+ Kxd8 6. e4 Nc6 7. Bxc4 Nf6 8.
Bg5 Nd4 9. O-O-O Bg4 10. f3 Be6 11. Bxf6 exf6 12. Rxd4+ Kc8 13. Bxe6+ fxe6 14.
Nge2 e5 15. Rc4 a6 16. Rd1 b5 17. Rb4 Bxc5 18. Rd5 Bxb4 19. a3 Be7 20. b4 Rd8
21. Rxd8+ Kxd8 22. Nd5 Kd7 23. Nb6+ Kc7 24. Nxa8+ Kb7 25. Nc3 Kxa8 26. Nd5 Bd6
27. Nb6+ Ka7 28. Nc8+ Kb7 29. Nxd6+ Kc6 30. Nf5 Kd7 31. Nxg7 Ke7 32. Nf5+ Ke6
33. Ne3 f5 34. exf5+ Kd6 35. f6 Ke6 36. Ng4 Kf5 37. g3 h5 38. Nxe5 Kxe5 39. f7
Ke6 40. f8=Q Ke5 41. Qf4+ Ke6 42. Qg5 Kd6 43. Kc2 Ke6 44. Kd3 Kd6 45. Kd4 Ke6
46. Qxh5 Kf6 47. Ke4 a5 48. bxa5 b4 49. a6 bxa3 50. a7 a2 51. Qa5 a1=Q 52.
Qxa1+ Ke6 53. a8=Q Kd6 54. Q1a5 Ke6 55. Q8a6+ Kf7 56. Qc7+ Ke8 57. Qa8# 1-0

[Event "Junior Online 4NCL Division 4"]
[Site "online"]
[Date "2020.08.20"]
[Round "1.183"]
[White "Sisupalan, Beni"]
[Black "Bustin, George"]
[Result "1-0"]
[WhiteElo "1345"]
[BlackElo "1000"]
[PlyCount "41"]
[EventDate "2020.08.20"]
[WhiteTeam "JHJ 4"]
[BlackTeam "Muswell Hill Knights"]

1. e4 e5 2. Nf3 Nc6 3. Bc4 Nh6 4. Nc3 Bc5 5. d3 O-O 6. Bxh6 d6 7. Bg5 Qe8 8.
Nd5 Bg4 9. Nxc7 Bxf3 10. Qxf3 Nd4 11. Qd1 Qc8 12. Nxa8 Qxa8 13. c3 Ne6 14. Bxe6
a5 15. Bd5 Qa7 16. O-O Qb8 17. Qf3 Qc8 18. Be7 Re8 19. Qxf7+ Kh8 20. Bf6 Rf8
21. Qxg7# 1-0

[Event "Junior Online 4NCL Division 4"]
[Site "online"]
[Date "2020.08.20"]
[Round "1.184"]
[White "Gold, Jonah"]
[Black "Smolders, Nobuki"]
[Result "0-1"]
[WhiteElo "900"]
[BlackElo "1300"]
[PlyCount "74"]
[EventDate "2020.08.20"]
[WhiteTeam "Muswell Hill Knights"]
[BlackTeam "JHJ 4"]

1. e4 e5 2. Bc4 Nf6 3. Nf3 Nxe4 4. Nxe5 d5 5. Qf3 Nf6 6. Bb5+ c6 7. Bd3 Qe7 8.
Qf4 Nbd7 9. O-O Nxe5 10. Re1 Nfd7 11. Bf5 f6 12. b3 Qd6 13. Ba3 Qc7 14. Bxf8
Kxf8 15. Be6 Qd6 16. Qf5 Ke7 17. Bxd7 Bxd7 18. Qf4 Kd8 19. Nc3 Kc7 20. Qd4 Rhe8
21. Ne4 dxe4 22. Qxe4 Qd5 23. Qxh7 Qg8 24. Qe4 Qe6 25. Qh7 Qf7 26. Qe4 Qh5 27.
Red1 Bg4 28. Re1 Nf3+ 29. Qxf3 Bxf3 30. gxf3 Rxe1+ 31. Rxe1 Re8 32. Rf1 Qxf3
33. a4 Re5 34. h4 Qg4+ 35. Kh1 Qxh4+ 36. Kg2 Qg4+ 37. Kh2 Rh5# 0-1

[Event "Junior Online 4NCL Division 4"]
[Site "online"]
[Date "2020.08.20"]
[Round "1.185"]
[White "Dayle, Cosmo"]
[Black "Xu, Tianyou"]
[Result "0-1"]
[WhiteElo "1000"]
[BlackElo "1390"]
[PlyCount "54"]
[EventDate "2020.08.20"]
[WhiteTeam "Muswell Hill Knights"]
[BlackTeam "JHJ 4"]

1. e4 e5 2. Nf3 Nc6 3. d4 exd4 4. Nxd4 Bc5 5. Nxc6 bxc6 6. Nc3 d6 7. Bc4 Nf6 8.
Bg5 Be6 9. Bxe6 fxe6 10. O-O O-O 11. Re1 Qe8 12. e5 dxe5 13. Rxe5 Bd6 14. Ra5
Nd5 15. Nxd5 cxd5 16. Ra6 Qg6 17. Qg4 Rf5 18. h4 h6 19. f3 hxg5 20. hxg5 Rxg5
21. Qh3 Rh5 22. Qg4 Qxg4 23. fxg4 Rh2 24. Re1 Rh6 25. Ra4 Rf8 26. Rxa7 Bc5+ 27.
Re3 Bxe3# 0-1

[Event "Junior Online 4NCL Division 4"]
[Site "online"]
[Date "2020.08.20"]
[Round "1.187"]
[White "Bustin, George"]
[Black "Sisupalan, Beni"]
[Result "0-1"]
[WhiteElo "1000"]
[BlackElo "1345"]
[PlyCount "46"]
[EventDate "2020.08.20"]
[WhiteTeam "Muswell Hill Knights"]
[BlackTeam "JHJ 4"]

1. e4 e5 2. Nf3 Nc6 3. Bc4 Bc5 4. Ng5 Qxg5 5. d4 Qxg2 6. Rf1 Qxe4+ 7. Be3 exd4
8. f3 Qxe3+ 9. Qe2 Qxe2+ 10. Kxe2 Nb4 11. a3 Nxc2 12. Ra2 Nf6 13. Bb3 d3+ 14.
Kd1 Ne3+ 15. Kc1 Nxf1 16. Nc3 Be3+ 17. Kb1 Nd2+ 18. Kc1 Nxb3+ 19. Kd1 d2 20.
Ne2 Nc1 21. Nxc1 dxc1=Q+ 22. Ke2 Qd2+ 23. Kf1 Qf2# 0-1

[Event "Junior Online 4NCL Division 4"]
[Site "online"]
[Date "2020.08.20"]
[Round "1.188"]
[White "Smolders, Nobuki"]
[Black "Gold, Jonah"]
[Result "1-0"]
[WhiteElo "1300"]
[BlackElo "900"]
[PlyCount "63"]
[EventDate "2020.08.20"]
[WhiteTeam "JHJ 4"]
[BlackTeam "Muswell Hill Knights"]

1. e4 e5 2. Nf3 Nc6 3. d4 exd4 4. Nxd4 Bb4+ 5. c3 Bc5 6. Be3 Qe7 7. Nxc6 dxc6
8. Bxc5 Qxc5 9. Nd2 Qg5 10. Qf3 Bg4 11. Qg3 O-O-O 12. h3 h5 13. Rd1 h4 14.
Qxg4+ Qxg4 15. hxg4 Nf6 16. Bc4 Nxe4 17. Nxe4 Rxd1+ 18. Kxd1 Rd8+ 19. Ke2 Re8
20. Kf3 Rh8 21. g3 g5 22. Nxg5 f6 23. Be6+ Kd8 24. Nf7+ Ke7 25. Nxh8 Kxe6 26.
Rxh4 c5 27. Rh6 b5 28. g5 Kf5 29. gxf6 Ke6 30. f7+ Ke7 31. Rh7 Kf8 32. Ng6# 1-0

[Event "Junior Online 4NCL Division 4"]
[Site "online"]
[Date "2020.08.20"]
[Round "1.191"]
[White "Richards, Hal"]
[Black "Kammin, Samuel"]
[Result "0-1"]
[WhiteElo "900"]
[BlackElo "1697"]
[PlyCount "44"]
[EventDate "2020.08.20"]
[WhiteTeam "Coldfall Knights"]
[BlackTeam "Farnham Fantasticos"]

1. e4 c5 2. d3 g6 3. Bd2 Bg7 4. Be2 Nc6 5. Nc3 Nf6 6. Nf3 d6 7. O-O O-O 8. g3
Bh3 9. Re1 e5 10. Bf1 Bxf1 11. Rxf1 d5 12. Nxd5 Nxd5 13. exd5 Qxd5 14. Kg2 Nd4
15. Rh1 Rad8 16. h4 h6 17. Qg1 Qxf3+ 18. Kh3 h5 19. Qh2 Ne2 20. Bg5 Bf6 21. Bh6
e4 22. Bxf8 Nf4# 0-1

[Event "Junior Online 4NCL Division 4"]
[Site "online"]
[Date "2020.08.20"]
[Round "1.192"]
[White "Warren, Archie"]
[Black "Samuel-Rome, Benjamin"]
[Result "1-0"]
[WhiteElo "1450"]
[BlackElo "900"]
[PlyCount "61"]
[EventDate "2020.08.20"]
[WhiteTeam "Farnham Fantasticos"]
[BlackTeam "Coldfall Knights"]

1. d4 d5 2. Bf4 e5 3. Bxe5 Qh4 4. Nf3 Qh6 5. Nc3 Nc6 6. Bxc7 Nb4 7. a3 Na6 8.
Be5 Bg4 9. e3 Be7 10. Bd3 Nf6 11. Bf4 Qh5 12. h3 Bxf3 13. Qxf3 Qxf3 14. gxf3
O-O 15. O-O-O Nh5 16. Be5 Bh4 17. Rh2 f6 18. Bd6 Rfd8 19. Bg3 Bxg3 20. fxg3
Nxg3 21. Rg2 Nh5 22. Rdg1 Rd7 23. Bf5 Rc7 24. Be6+ Kf8 25. Bxd5 Re7 26. Kd2 Rd8
27. Rg4 Rde8 28. e4 g6 29. Rh4 f5 30. Rxh5 gxh5 31. Rg8# 1-0

[Event "Junior Online 4NCL Division 4"]
[Site "online"]
[Date "2020.08.20"]
[Round "1.193"]
[White "Ward-Murphy, Nicolas"]
[Black "Warren, Orla"]
[Result "1/2-1/2"]
[WhiteElo "900"]
[BlackElo "1247"]
[PlyCount "93"]
[EventDate "2020.08.20"]
[WhiteTeam "Coldfall Knights"]
[BlackTeam "Farnham Fantasticos"]

1. e4 e6 2. Nc3 d5 3. exd5 exd5 4. Bb5+ c6 5. Bd3 Be6 6. b4 Bxb4 7. Na4 Nd7 8.
Bb2 Ngf6 9. Nf3 O-O 10. O-O Bd6 11. c3 Qc7 12. Bb1 Ng4 13. Qc2 Ndf6 14. c4 dxc4
15. Bxf6 g6 16. Bb2 Be7 17. Nc5 b6 18. Nxe6 fxe6 19. Qc3 Bf6 20. Qb4 c5 21.
Qxc4 Qc6 22. Qxg4 Bxb2 23. a3 Bxa1 24. Be4 Bf6 25. Bxc6 Rad8 26. Qxe6+ Kg7 27.
Re1 Rb8 28. Re4 b5 29. Ne1 b4 30. axb4 Rxb4 31. Nd3 Rb1+ 32. Ne1 Rf7 33. h4 a5
34. Kh2 Rb4 35. Nd3 Rxe4 36. Bxe4 Re7 37. Qc6 Rxe4 38. Qxe4 Kh6 39. Qf4+ Kg7
40. Nxc5 Be7 41. Qc7 Kf7 42. d4 Kf6 43. Nd7+ Kf7 44. Ne5+ Kf6 45. Nd7+ Kf7 46.
Ne5+ Kf6 47. Nd7+ 1/2-1/2

[Event "Junior Online 4NCL Division 4"]
[Site "online"]
[Date "2020.08.20"]
[Round "1.194"]
[White "Warnock, Oliver"]
[Black "Haga, Viktor"]
[Result "1-0"]
[WhiteElo "1255"]
[BlackElo "900"]
[PlyCount "189"]
[EventDate "2020.08.20"]
[WhiteTeam "Farnham Fantasticos"]
[BlackTeam "Coldfall Knights"]

1. d4 d5 2. c4 dxc4 3. e3 Be6 4. Qc2 c6 5. Bxc4 Bxc4 6. Qxc4 Qa5+ 7. Nc3 b5 8.
Qb3 e6 9. Bd2 b4 10. Ne4 f5 11. Ng3 Nf6 12. Nf3 Ne4 13. Nxe4 fxe4 14. Ne5 Bd6
15. Qxe6+ Be7 16. Nf7 Rf8 17. Ne5 Rf6 18. Qg8+ Rf8 19. Qxg7 Bf6 20. Qxh7 Bxe5
21. dxe5 Qxe5 22. Bxb4 Rf7 23. Qg8+ Kd7 24. Qxf7+ Kc8 25. Qf8+ Kc7 26. Qg7+
Qxg7 27. Ba5+ Kb7 28. O-O Qxb2 29. Rab1 Qxb1 30. Rxb1+ Kc8 31. Rc1 Kd7 32. Bb4
Na6 33. Rd1+ Ke6 34. Rd6+ Ke5 35. Rxc6 Nxb4 36. Rc4 Nxa2 37. h4 Kf5 38. Ra4 Nc3
39. Rc4 Nd5 40. Rc5 Ke6 41. h5 Nf6 42. Rc6+ Kf7 43. h6 Rh8 44. Rc7+ Kg6 45.
Rxa7 Rxh6 46. Ra6 Kf5 47. g3 Ng4 48. Ra5+ Ne5 49. Kg2 Ke6 50. Ra6+ Kf5 51. Rxh6
Ng4 52. Rh5+ Kg6 53. Rh4 Ne5 54. Rxe4 Nd3 55. f4 Kf6 56. g4 Kg6 57. f5+ Kg5 58.
Kf3 Ne1+ 59. Kg3 Kf6 60. Kf4 Nd3+ 61. Kf3 Ne5+ 62. Kf4 Nd3+ 63. Kg3 Kg5 64. Rd4
Ne5 65. e4 Nxg4 66. e5 Nxe5 67. Rf4 Nd3 68. Rg4+ Kxf5 69. Rd4 Ne5 70. Rf4+ Ke6
71. Re4 Kd5 72. Kf4 Nd3+ 73. Kf5 Nc5 74. Re5+ Kd4 75. Re7 Kd5 76. Rc7 Ne6 77.
Rd7+ Kc4 78. Kxe6 Kc5 79. Rd5+ Kc4 80. Kd6 Kc3 81. Kc5 Kc2 82. Rd4 Kc3 83. Kd5
Kb3 84. Kc5 Kc2 85. Kb4 Kb2 86. Rd2+ Kc1 87. Kc3 Kb1 88. Rd1+ Ka2 89. Kb4 Kb2
90. Rd2+ Kc1 91. Kc3 Kb1 92. Rb2+ Ka1 93. Rb3 Ka2 94. Kc2 Ka1 95. Ra3# 1-0

[Event "Junior Online 4NCL Division 4"]
[Site "online"]
[Date "2020.08.20"]
[Round "1.195"]
[White "Kammin, Samuel"]
[Black "Richards, Hal"]
[Result "1-0"]
[WhiteElo "1697"]
[BlackElo "900"]
[PlyCount "35"]
[EventDate "2020.08.20"]
[WhiteTeam "Farnham Fantasticos"]
[BlackTeam "Coldfall Knights"]

1. d4 d5 2. c4 Be6 3. cxd5 Bxd5 4. Nc3 Be4 5. Nxe4 Nc6 6. Nf3 Nf6 7. Nxf6+ exf6
8. Bf4 Bb4+ 9. Bd2 O-O 10. a3 Ba5 11. e3 g5 12. Bxa5 Nxa5 13. Bd3 h6 14. h4 Kg7
15. hxg5 hxg5 16. Nd2 f5 17. Qh5 Qf6 18. Qh7# 1-0

[Event "Junior Online 4NCL Division 4"]
[Site "online"]
[Date "2020.08.20"]
[Round "1.196"]
[White "Samuel-Rome, Benjamin"]
[Black "Warren, Archie"]
[Result "0-1"]
[WhiteElo "900"]
[BlackElo "1450"]
[PlyCount "56"]
[EventDate "2020.08.20"]
[WhiteTeam "Coldfall Knights"]
[BlackTeam "Farnham Fantasticos"]

1. e4 c5 2. Nf3 d6 3. Bc4 e6 4. Ng5 Qxg5 5. d4 Qxg2 6. Rf1 Nc6 7. c3 Qxe4+ 8.
Be3 Nf6 9. Qa4 Bd7 10. Bb5 Ng4 11. d5 Qxa4 12. Bxa4 exd5 13. Bg5 Be7 14. Bxe7
Nxe7 15. Rg1 h5 16. h3 Ne5 17. Rxg7 Bxa4 18. Nd2 O-O-O 19. b3 Bb5 20. O-O-O
Rhg8 21. Rxg8 Rxg8 22. Rh1 Rg2 23. f4 Nd3+ 24. Kc2 Nf5 25. h4 Ne3+ 26. Kb1 Rxd2
27. Ka1 Rb2 28. Rb1 Nc2# 0-1

[Event "Junior Online 4NCL Division 4"]
[Site "online"]
[Date "2020.08.20"]
[Round "1.197"]
[White "Warren, Orla"]
[Black "Ward-Murphy, Nicolas"]
[Result "1-0"]
[WhiteElo "1247"]
[BlackElo "900"]
[PlyCount "27"]
[EventDate "2020.08.20"]
[WhiteTeam "Farnham Fantasticos"]
[BlackTeam "Coldfall Knights"]

1. d4 e5 2. dxe5 Bb4+ 3. c3 Bc5 4. Bf4 d5 5. e3 Bf5 6. c4 Ne7 7. Bd3 Nbc6 8.
Nf3 O-O 9. Nbd2 Nb4 10. Bxf5 dxc4 11. Bxh7+ Kxh7 12. Ng5+ Kg8 13. Qh5 f6 14.
Qh7# 1-0

[Event "Junior Online 4NCL Division 4"]
[Site "online"]
[Date "2020.08.20"]
[Round "1.198"]
[White "Haga, Viktor"]
[Black "Warnock, Oliver"]
[Result "1-0"]
[WhiteElo "900"]
[BlackElo "1255"]
[PlyCount "63"]
[EventDate "2020.08.20"]
[WhiteTeam "Coldfall Knights"]
[BlackTeam "Farnham Fantasticos"]

1. e4 c5 2. Bc4 Nc6 3. Qf3 Nf6 4. Nh3 d6 5. Ng5 Ne5 6. Qb3 e6 7. Bb5+ Bd7 8.
Bxd7+ Qxd7 9. O-O Be7 10. d3 Nxe4 11. Nxe4 O-O-O 12. Qa3 f5 13. Nec3 g5 14.
Qxa7 Nc6 15. Qa8+ Nb8 16. g3 f4 17. gxf4 gxf4 18. Bxf4 Rhg8+ 19. Bg3 Bh4 20.
Nd2 Bxg3 21. fxg3 Kc7 22. Qa5+ b6 23. Qa7+ Kc8 24. Qxd7+ Nxd7 25. Rf7 h5 26.
Nde4 d5 27. Nd6+ Kc7 28. Ncb5+ Kc6 29. c4 dxc4 30. dxc4 h4 31. Ne4 Ne5 32. Na7#
1-0